|
|
|
|
| LEADER |
00688nam a22001697a 4500 |
| 082 |
|
|
|a 894.M107
|b SAC/M
|
| 240 |
|
|
|a Muppathu Indian Kavayathrikal
|
| 245 |
|
|
|a മുപ്പത് ഇന്ത്യ൯ കവയത്രികള്
|
| 260 |
|
|
|a Kozhikode;
|b Bodhi Publishng House
|
| 300 |
|
|
|a 143p.
|
| 650 |
|
|
|a മലയാളം;
|9 276451
|
| 650 |
|
|
|a Malayalam;
|9 276452
|
| 700 |
|
|
|a സച്ചിദാനന്ദ൯, എഡി.
|9 276453
|
| 700 |
|
|
|a Satchitanandan, Ed.
|9 67120
|
| 942 |
|
|
|c BK
|
| 999 |
|
|
|c 44687
|d 44687
|
| 952 |
|
|
|0 0
|1 0
|4 0
|6 894_000000000000000_M107_SAC_M
|7 0
|8 POES
|9 51778
|a MAL
|b MAL
|d 2015-11-14
|e 39470
|g 35.00
|l 0
|o 894.M107 SAC/M
|p MAL039470
|r 2015-11-14
|t 1
|w 2015-11-14
|y BK
|